000 00201nam a22000857a 4500
008 160701b xxu||||| |||| 00| 0 eng d
100 _91652
_a Gupta, P
245 _aPinocchio
260 _aNew delhi
_bM/S Arya
999 _c1371
_d1371